| 000 | 01104nam a2200313Ia 4500 | ||
|---|---|---|---|
| 999 |
_c3973 _d3973 |
||
| 003 | OSt | ||
| 005 | 20200603151046.0 | ||
| 008 | 191128s9999 xx 000 0 und d | ||
| 020 | _a9789580493952 | ||
| 040 |
_aCO-JMCR _cCO-JMCR |
||
| 041 | _aspa | ||
| 082 |
_aC / _bROSr |
||
| 100 |
_aRose, Michael, autor _94917 |
||
| 245 | 0 | _a¡Ronquidos! / | |
| 245 | 0 | _cMichael Rosen ; ilustraciones Jonathan Langley ; traducción Cristina Aparicio | |
| 260 | _aBogotá | ||
| 260 | _bNorma, | ||
| 260 | _c2007 | ||
| 300 | _a29 páginas | ||
| 300 | _b ilustraciones a color | ||
| 300 | _c 24 cm | ||
| 490 | _aBuenas noches | ||
| 520 | _aLa granja estaba en completo silencio. Todos los animales estaban durmiendo. Entonces se escuchó un terrible ronquido que los despertó a todos, excepto al perro… era él quien roncaba. El ruido era tan fuerte que jamás conciliarían el sueño. | ||
| 521 | _aRecomendado de 0 a 2 años. | ||
| 650 |
_aCuentos infantiles _94918 |
||
| 700 |
_aLangley, Jonathan, _eilustrador _94919 |
||
| 700 |
_a Aparicio, Cristina, _etraductor _9254 |
||
| 942 |
_2ddc _cBK |
||